000 00430nam a2200181Ia 4500
001 22669
005 20260414150846.0
008 260414t2002||||xx |||||||||||||| ||spa||
041 _aESP
082 _a621.384
_bG69
100 _aGonzález, Francisco Eugenio
_eAUT
245 0 _aFundamentos de radar
_b
260 _c2002
300 _a255 páginas :
_c23 cm.
650 _aTCA
654 _aCET
942 _cLIB
_dJUS
_fJUS
_2ddc
_n
999 _c22669
_d22669